| 000 | 01028pam a2200325 a 4500 | ||
|---|---|---|---|
| 999 |
_c4681 _d4681 |
||
| 001 | 2404270 | ||
| 003 | OSt | ||
| 005 | 20220325132401.0 | ||
| 008 | 860123s1986 nyua b 001 0 eng c | ||
| 010 | _a 86001881 | ||
| 020 | _a0716714485 | ||
| 020 | _a0716760010 (international student ed.) | ||
| 040 |
_aDNLM/DLC _cALUPE UNIVERSITY _dDLC |
||
| 050 | 0 | 0 |
_aQH581.2 _b.D37 1986 |
| 060 | _aQH 581.2 D223m | ||
| 082 | 0 | 0 |
_a574.87/6042 _219 |
| 100 | 1 | _aDarnell, James E. | |
| 245 | 1 | 0 |
_aMolecular cell biology / _cJames Darnell, Harvey Lodish, David Baltimore. |
| 260 |
_aNew York : _bScientific American Books : _bDistributed by W.H. Freeman, _cc1986. |
||
| 300 |
_axxxv, 1187 p. : _bill. (some col.) ; _c29 cm. |
||
| 504 | _aIncludes bibliographies and index. | ||
| 650 | 0 | _aCytology. | |
| 650 | 0 | _aMolecular biology. | |
| 650 | 2 | _aCells. | |
| 650 | 2 | _aMolecular Biology. | |
| 700 | 1 | _aLodish, Harvey F. | |
| 700 | 1 | _aBaltimore, David. | |
| 906 |
_a7 _bcbc _corignew _d1 _eocip _f19 _gy-gencatlg |
||
| 942 |
_2lcc _cBK _nJO |
||